Responses for Show #5296 - Monday, September 24, 2007

Contestants

[<< previous game]

Albert Chu, a software engineer originally from Dublin, Ohio

Elizabeth McKenna, a graduate student and cancer researcher originally from Queens, New York

Sara Price, a teaching assistant from Davis, California (whose 1-day cash winnings total $13,700)

[next game >>]

Jeopardy! Round responses

20th CENTURY USA
POP CULTURE
GOT YOUR GOAT
SCIENCE GRAB BAG
"C"HEESE
6-LETTER WORDS
    $200 6
Florida

Albert
    $200 1
Elvis Presley

Albert
    $200 24
(Elizabeth: What is Solomon? Who is Solomon?)
(Sara: Who is Joshua?)

Moses

SaraElizabeth
Triple Stumper
    $200 9
stem cells

Sara
    $200 10
cheddar

Elizabeth
    $200 13
(Elizabeth: What is steamy?)

sultry

ElizabethAlbert
    $400 7
Clarence Thomas

Elizabeth
    $400 2
Adam Sandler

Albert
    $400 25
the Navy

Albert
    $400 11
(Albert: What are Titans?)

Jovian

Albert
Triple Stumper
    $400 19
cream cheese

Triple Stumper
    $400 14
a switch

Albert
    $600 8
photography

Triple Stumper
    $600 3
Jodie Foster

Triple Stumper
    $600 26
[The end-of-round signal sounds.]

Capricorn

Elizabeth
    $600 12
(Albert: What are insulators?)
...
(Alex: They can be manipulated into becoming [*]. Lacking resistance.)

superconductors

Albert
Triple Stumper
    $600 20
cottage cheese

Albert
    $600 17
a wizard

Elizabeth
    $800 4
Hello, Dolly!

Elizabeth
    $1,400 15
(Albert: What is a...)
(Alex: Oh, sorry. I didn't think it was coming to you at all. A [*]. [*]. We're dealing with alliteration.)

storm surge

Albert
    $800 22
camembert

Sara
    $800 18
opaque

Sara
    $1000 5
Dexter

Albert
    $1000 16
zirconium

Triple Stumper
    $1000 23
cheshire

Albert
    $1000 21
(Alex: They were known as the wobblies, and, hence, the correct response here is [*].)

wobbly

Triple Stumper

Scores at the first commercial break (after clue 14):

Sara Elizabeth Albert
$200 $1,200 $1,400

Scores at the end of the Jeopardy! Round:

Sara Elizabeth Albert
$1,600 $2,200 $2,000

Double Jeopardy! Round responses

LITERARY LOCALES
(Alex: You have to identify the present-day country.)
AQUATIC-SOUNDING CINEMA
SOPRANOS
"Q" ME
CZECH KING
ID CARDS
    $400 1
Mexico

Triple Stumper
    $400 6
(Sarah: What is The Bridge over River Kwai?)

The Bridge on the River Kwai

Sara
Triple Stumper
    $400 4
Wagner's Ring Cycle

Triple Stumper
    $400 7
a quack

Albert
    $400 5
Good King Wenceslas

Albert
    $400 14
Lana Turner

Triple Stumper
    $800 2
Germany

Sara
    $800 12
The Whale Rider

Albert
    $800 25
Vivaldi

Elizabeth
    $800 8
the queen

Albert
    $800 20
Charles IV

Triple Stumper
    $800 17
(Gutzon) Borglum

Triple Stumper
    $1200 3
Australia

Elizabeth
    $1200 13
Big Fish

Elizabeth
    $1200 26
Widow

Elizabeth
    $1200 9
Quinn

Sara
    $1200 22
Protestant

Triple Stumper
    $1200 18
Picabo Street

Sara
    $1600 19
India

Triple Stumper
    $1600 15
Ocean's Twelve

Elizabeth
    $1600 27
Verdi

Sara
    $1,500 10
Quetzalcoatl

Sara
    $1600 21
Ezra Pound

Triple Stumper
    $2000 24
(Albert: What is France?)

Algeria

ElizabethAlbert
    $2000 16
(Sara: What is Over the Sea?)
(Albert: What is Under the Sea?)

Beyond the Sea

SaraAlbert
Triple Stumper
    $2000 28
[The end-of-round signal sounds.]

Leontyne Price

Triple Stumper
    $2000 11
Qatar

Sara
    $2000 23
Frank Church

Triple Stumper

Scores at the end of the Double Jeopardy! Round:

Sara Elizabeth Albert
$7,500 $10,200 $400

[wagering suggestions for these scores]

Final Jeopardy! Round responses

AUTHORS
AlbertWho is AARGHH!!!
$0
SaraWho is Hemingway? Sinclair
$5,000
ElizabethWho is Kipling?
$4,801
Edgar Rice Burroughs

Final scores:

Sara Elizabeth Albert
$2,500 $5,399 $400
2nd place: $2,000 New champion: $5,399 3rd place: $1,000

Game dynamics:

Coryat scores:

Sara Elizabeth Albert
$7,600 $10,200 $1,800
9 R
(including 1 DD),
3 W
11 R,
2 W
13 R,
5 W
(including 1 DD)

Combined Coryat: $19,600

[game clues] [game scores] [suggest correction]

Game tape date: 2007-07-24
The J! Archive is created by fans, for fans. Scraping, republication, monetization, and malicious use prohibited; this site may use cookies and collect identifying information. See terms. The Jeopardy! game show and all elements thereof, including but not limited to copyright and trademark thereto, are the property of Jeopardy Productions, Inc. and are protected under law. This website is not affiliated with, sponsored by, or operated by Jeopardy Productions, Inc. Join the discussion at JBoard.tv.